000 01262nam0a22002771 4500
001 rc\2556188
005 20110829174022.5
035 _a(NLR Aleph) 006512804
090 _a6348160
_c6348160
100 _a20110829f18261917|||y0rusy50 ca
101 0 _arus
102 _aRU
105 _ay z |||||
200 1 _a[Заглавие]
210 _aБ. м.
_cБ. и.
606 _aЧугун
_xПлавка в вагранке
_jОбзоры литературы информационные
_2psbo
606 _aЧугун жидкий
_xОбработка внепечная
_jОбзоры литературы информационные
_2psbo
700 1 _aЛозовский
_bА. П.
_gАнатолий Петрович
701 1 _aСуходольская
_bЕ. А.
_gЕлена Алексеевна
701 1 _aНалетов
_bА. С.
_gАнатолий Сергеевич
712 0 2 _aЦНИИ информации и техн.-экон. исследований М-ва машиностроения для легкой и пищевой промышленности и бытовых приборов СССР
_3RU\NLR\AUTH\8810025905
801 0 _aRU
_bNLR
_gpsbo
801 1 _aRU
_bELAR
_2rusmarc
852 _aNLR
_j80-6/4021
942 _cBOOK
980 _aNB